Bioética y medio ambiente

Salvato in:
Dettagli Bibliografici
Autori principali: Mayr Maldonado, Juan (autor), Hottois, Gilbert (Autore), Montañez Gómez, Gustavo (Autore), Eschenhagen, María Luisa (Autore), Guio Torres, Diana Milena (Autore), Sánchez, Miguel (Autore), Escobar Triana, Jaime (Autore), Maldonado, Carlos Eduardo (Autore), Lorda, Pablo Simón (Autore), Cranley Glass, Kathleen (Autore), Villarroel, Raúl (Autore), Couceiro Vidal, Azucena (Autore)
Natura: Libro
Lingua:spagnolo
Pubblicazione: Bogotá El Bosque 2000
Serie:Colección Bíos y Ethos, 12
Soggetti:
Tags: Aggiungi Tag
Nessun Tag, puoi essere il primo ad aggiungerne!!

MARC

LEADER 00000nam a2200000 a 4500
001 UCM4376
003 CL-VaPUC
008 020823e20000000CK |||||||||||||||||spa|d
082 0 4 |a 174.957  |b MAY  |2 21 
100 |a Mayr Maldonado, Juan  |e autor  |9 470877 
700 |a Hottois, Gilbert  |e author  |9 470878 
700 0 |a Montañez Gómez, Gustavo  |e author  |9 470879 
700 0 |a Eschenhagen, María Luisa  |e author  |9 470880 
700 0 |a Guio Torres, Diana Milena  |e author  |9 470881 
700 0 |a Sánchez, Miguel  |e author  |9 470882 
700 0 |a Escobar Triana, Jaime  |e author  |9 470883 
700 |a Maldonado, Carlos Eduardo  |e author  |9 590202 
700 0 |a Lorda, Pablo Simón  |e author  |9 470885 
700 0 |a Cranley Glass, Kathleen  |e author  |9 470886 
700 0 |a Villarroel, Raúl  |e author  |9 470887 
700 0 |a Couceiro Vidal, Azucena  |e author  |9 470888 
245 1 0 |a Bioética y medio ambiente 
300 |a 276 p 
942 |c BK 
945 |d 20020823 00:00:00  |a vberengu 
260 |a Bogotá  |b El Bosque  |c 2000 
650 0 |a Bioética  |9 256117 
650 7 |a ETICA Y MEDIO AMBIENTE  |2 CL-VaPUC  |9 470889 
650 0 |a Ecología   |9 258124 
583 |a last modification  |c 20020823 00:00:00  |k Rodrigo Vera 
490 0 |a Colección Bíos y Ethos, 12 
999 |c 301099  |d 301097 
952 |0 0  |1 0  |4 0  |6 174_957000000000000_MAY_2000  |7 0  |8 DER_TF  |9 359779  |a BIBDER  |b BIBDER  |d 2019-11-21  |i 3837874  |o 174.957 MAY 2000  |p 3837874  |r 2023-01-25  |w 2019-11-21  |x Ubicación 4to Piso  |y BK  |z Estos recursos deben solicitarse con anticipación  |k DER